Normal view MARC view
  • Bioten,W

Entry Personal Name

Number of records used in: 3

001 - CONTROL NUMBER

  • control field: 4695

003 - CONTROL NUMBER IDENTIFIER

  • control field: NUST

005 - DATE AND TIME OF LATEST TRANSACTION

  • control field: 20170920135832.0

008 - FIXED-LENGTH DATA ELEMENTS

  • fixed length control field: 170920|| aca||aabn | a|a d

040 ## - CATALOGING SOURCE

  • Original cataloging agency: NUST
  • Transcribing agency: NUST

100 ## - HEADING--PERSONAL NAME

  • Personal name: Bioten,W

670 ## - SOURCE DATA FOUND

  • Source citation: Work cat.: (NUST): Bioten,W, Hydrometry:, 2000
© 2023 Central Library, National University of Sciences and Technology. All Rights Reserved.